The Turolian fauna from the island of Samos, Greece : with special emphasis on the hyaenids and the bovids /

Bibliographic Details
Main Author: Solounias, Nikos
Format: Book
Language:English
Published: Basel ; New York : Karger, 1981.
Series:Contributions to vertebrate evolution ; v. 6.
Subjects:

MARC

Tag First Indicator Second Indicator Subfields
LEADER 00000pam a2200000 a 4500
001 in00000495391
005 20151013064216.0
008 810423s1981 sz a b 00010 eng d
020 |a 380552692X 
035 |a (OCoLC)07733111 
035 |9 ACD6366AM 
039 0 |a 2  |b 3  |c 3  |d 3  |e 2 
040 |a NLM  |c NLM  |d TXA  |d UtOrBLW 
049 |a TXAM  |c [1634633] 
060 0 |a W1 CO778XE v.6 1981  |a QE 755.G8 S691t 1981] 
069 0 |a 8102961 
090 |a QE881  |b .S6 1981 
100 1 |a Solounias, Nikos. 
245 1 4 |a The Turolian fauna from the island of Samos, Greece :  |b with special emphasis on the hyaenids and the bovids /  |c Nikos Solounias. 
264 1 |a Basel ;  |a New York :  |b Karger,  |c 1981. 
300 |a xvi, 232 pages :  |b illustrations 
336 |a text  |b txt  |2 rdacontent 
337 |a unmediated  |b n  |2 rdamedia 
338 |a volume  |b nc  |2 rdacarrier 
490 1 |a Contributions to vertebrate evolution ;  |v v. 6 
504 |a Bibliography: pages [220]-231. 
650 0 |a Paleontology  |z Greece  |z Samos. 
650 0 |a Zoology  |z Greece  |z Samos. 
830 0 |a Contributions to vertebrate evolution ;  |v v. 6. 
999 |a MARS 
999 f f |s 572f795e-7a8a-3edc-a394-184c24a2ec62  |i 8bd39f14-fc04-3fec-9549-e505572cc49a  |t 0 
952 f f |p ric  |a Texas A&M University  |b Rellis Campus  |c Joint Library Facility  |d Remote Storage  |t 0  |e QE881 .S6 1981  |h Library of Congress classification  |i unmediated -- volume  |m A14807662818 
998 f f |a QE881 .S6 1981  |t 0  |l Remote Storage